000 00806nam a2200217 i 4500
001 129584
003 ES-MaACL
005 20250815021752.0
007 t|
008 070626s1944 ag ||||1| spa d
100 1 _aThierry, Augustin,
_d1795-1856
_9133216
245 1 0 _aConsideraciones sobre la Historia de Francia /
_cAgustin Thierry ; con un estudio preliminar de José Luis Romero ; traducción por Nélida Orfila.
260 _aBuenos Aires :
_bNova,
_c[1944]
300 _a218 p. ;
_c20 cm.
490 1 _aBiblioteca Histórica. Los historiadores ilustres
700 1 _aRomero, José Luis.
_999332
700 1 _aOrfila, Nélida.
_987241
830 0 0 _aBiblioteca histórica.
_pLos historiadores ilustres
_9219353
852 _aES-MaACL
_jD-6318
_bR.30422
999 _c129584
_d129584